Science Quiz

Random Science or Astronomy Quiz

Astronomical Terms Quiz Stats

 Plays Quiz Updated Nov 6, 2018

     
Support Sporcle.
Go Orange.
Score 0/28 Timer 07:00
7 Plays Today
Hint Term % Correct
An object whose gravity is so strong that the escape velocity exceeds the speed of lightBlack Hole
94.2%
Large system of stars held together by mutual gravitation and isolated from similar systems by vast regions of spaceGalaxy
90.4%
A cataclysmic explosion caused when a star exhausts its fuel and ends its lifeSupernova
89.9%
A gigantic ball of ice and rock that orbits the Sun in a highly eccentric orbitComet
87.4%
Group of stars that make an imaginary picture in the skyConstellation
85.4%
The theoretical cosmic explosion that marked the beginning of the universe accordingBig Bang
85.3%
A layer of gases surrounding a planet, moon, or starAtmosphere
85.2%
A mutual physical force of nature that causes two bodies to attract each otherGravity
84.1%
Any of the small rocky celestial bodies found especially between the orbits of Mars and JupiterAsteroid
81.3%
The path of a celestial body as it moves through spaceOrbit
76%
A natural or artificial body in orbit around a planetSatellite
75.2%
The cutting off of light from one celestial body by anotherEclipse
74.6%
A mass of stone or metal that has reached the earth from outer spaceMeteorite
73.4%
A star that has undergone gravitational collapse and is in the final stage of evolutionWhite Dwarf
63.3%
Hint Term % Correct
A diffuse mass of interstellar dust and gasNebula
54.2%
Sudden eruption of energy on the solar disk from which radiation & particles are emittedFlare
54%
The two points at which the Sun crosses the celestial equator in its yearly path in the skyEquinox
52.9%
12 constellations dividing the ecliptic into almost equal partsZodiac
47.9%
A celestial object that emits radio waves with a high degree of regularityPulsar
45.9%
Glow in a planet's ionosphere caused by the interaction between the magnetic field & Sun charged particlesAurora
44.2%
Distance equal to 3.26 light-yearsParsec
44%
A system of two stars that revolve about their common center of massBinary Star
42.9%
The closest bright star to our solar systemAlpha Centauri
37.9%
Celestial object whose large redshift & apparent brightness imply extreme distance & huge energy outputQuasar
35%
The collapsed remnant of a supernova Neutron Star
33.9%
Any of the small bodies, often remnants of comets, traveling through spaceMeteoroid
20.6%
The law that the velocity of recession of distant galaxies from our own is proportional to their distance from usHubble's Law
19.4%
An exploding meteorBolide
6.8%

From the Vault

Vowel Cut Historical Figures

by Slinenfest

History 2m
Who even needs vowels anyway? 'Shh' and 'hmm' get along well enough without them.
Remove Ads.
Support Sporcle.
Get the best of Sporcle when you Go Orange. This ad-free experience offers more features, more stats, and more fun while also helping to support Sporcle. Thank you for becoming a member.

Show Comments

Extras

Top Quizzes Today


Score Distribution

Your Account Isn't Verified!

In order to create a playlist on Sporcle, you need to verify the email address you used during registration. Go to your Sporcle Settings to finish the process.

Report this User

Report this user for behavior that violates our Community Guidelines.

Details: